Relazioni scandalosamente pure

সংরক্ষণ করুন:
গ্রন্থ-পঞ্জীর বিবরন
প্রধান লেখক: Mazzuccato Francesca
বিন্যাস: গ্রন্থ
ভাষা:অজানা বা ভুল ভাষা
প্রকাশিত: Venezia Marsilio 1998
ট্যাগগুলো: ট্যাগ যুক্ত করুন
কোনো ট্যাগ নেই, প্রথমজন হিসাবে ট্যাগ করুন!

MARC

LEADER 00000nam a2200000Ia 4500
001 170
003 NUMERAZIONE-ORIGINALE-BRESCIA
005 20260206230749.0
008 260206s9999 xx 000 0 und d
100 |a Mazzuccato Francesca 
245 0 |a Relazioni scandalosamente pure 
260 |a Venezia 
260 |b Marsilio 
260 |c 1998 
500 |a Farfalle 
942 |2 ddc  |c BK  |n 0 
952 |0 0  |1 0  |2 ddc  |4 0  |6 23  |7 0  |9 28366  |a BS  |b BS  |d 2026-02-06  |i 170  |l 0  |o 2-3-*  |r 2026-02-06 22:40:33  |w 2026-02-06  |x [REVISIONARE]  |y BK 
999 |c 24051  |d 24051